| 000 -LEADER |
| fixed length control field |
00463cam a22001097a 4500 |
| 008 - FIXED-LENGTH DATA ELEMENTS--GENERAL INFORMATION |
| fixed length control field |
180718b1988 xxu||||| |||| 00| 0 eng d |
| 082 ## - DEWEY DECIMAL CLASSIFICATION NUMBER |
| Classification number |
B71103x5451 An24/1986/1988 |
| 100 ## - MAIN ENTRY--PERSONAL NAME |
| Personal name |
Andhra Pradesh. Legislative Assembly |
| 245 ## - TITLE STATEMENT |
| Title |
The Andhra Pradesh Mandala Praja Parishads, Zilla Parishads and Zilla Panalika and Abhivrudhi Sameeksha Mandas Act, 1986(Act No. 31 of 1986) (as amended upto 5th January 1988) |
| 260 ## - PUBLICATION, DISTRIBUTION, ETC. |
| Place of publication, distribution, etc. |
Hyderabad |
| Name of publisher, distributor, etc. |
The author |
| Date of publication, distribution, etc. |
1988 |
| 300 ## - PHYSICAL DESCRIPTION |
| Extent |
62+p. |